LDR 00785naa#a2200169#i#450# 001 RU\\bibl\120581 005 20260429173225.3 011 ## _a2587-6740 100 ## _a20260415b2026####ek#y0rusy0150####ca 102 ## _aRU 200 1# _aКонфликты землепользования в зонах наложения границ сельских поселений и земель лесного фонда: анализ причин и следствий _eЖурнальная статья 210 1# _aМосква _cЭлектронная наука _d2026 215 ## _a5 с. 608 ## _aЖурнальная статья _2local 675 ## _aИнтенсивность землепользования. 332.34 _z 700 #1 _aКустышева _gИрина Николаевна 856 4# _aecience.ru _u